000 00335nam a2200121Ia 4500
005 20260328104324.0
008 260328s9999||||xx |||||||||||||| ||und||
100 _aCampbell, Elizabeth
245 0 _aForts Years of Landscape Architecture :
_b CENTRAL PARK. /
_cElizabeth Campbell
300 _a571 p.
650 _aTEORÍA
942 _cBK
999 _c11433
_d11433